<?xml version="1.0" encoding="UTF-8"?><?xml-stylesheet type="text/xsl" href="static/style.xsl"?><OAI-PMH xmlns="http://www.openarchives.org/OAI/2.0/" xmlns:xsi="http://www.w3.org/2001/XMLSchema-instance" xsi:schemaLocation="http://www.openarchives.org/OAI/2.0/ http://www.openarchives.org/OAI/2.0/OAI-PMH.xsd"><responseDate>2026-04-17T05:38:24Z</responseDate><request verb="GetRecord" identifier="oai:www.recercat.cat:10459.1/65053" metadataPrefix="marc">https://recercat.cat/oai/request</request><GetRecord><record><header><identifier>oai:recercat.cat:10459.1/65053</identifier><datestamp>2024-12-05T22:45:53Z</datestamp><setSpec>com_2072_3622</setSpec><setSpec>col_2072_479130</setSpec></header><metadata><record xmlns="http://www.loc.gov/MARC21/slim" xmlns:dcterms="http://purl.org/dc/terms/" xmlns:xsi="http://www.w3.org/2001/XMLSchema-instance" xmlns:doc="http://www.lyncode.com/xoai" xsi:schemaLocation="http://www.loc.gov/MARC21/slim http://www.loc.gov/standards/marcxml/schema/MARC21slim.xsd">
   <leader>00925njm 22002777a 4500</leader>
   <datafield ind2=" " ind1=" " tag="042">
      <subfield code="a">dc</subfield>
   </datafield>
   <datafield ind2=" " ind1=" " tag="720">
      <subfield code="a">Igartua Arregui, Ernesto</subfield>
      <subfield code="e">author</subfield>
   </datafield>
   <datafield ind2=" " ind1=" " tag="720">
      <subfield code="a">Mansour Elsayed, Elsayed</subfield>
      <subfield code="e">author</subfield>
   </datafield>
   <datafield ind2=" " ind1=" " tag="720">
      <subfield code="a">Cantalapiedra, Carlos P.</subfield>
      <subfield code="e">author</subfield>
   </datafield>
   <datafield ind2=" " ind1=" " tag="720">
      <subfield code="a">Contreras‐Moreira, Bruno</subfield>
      <subfield code="e">author</subfield>
   </datafield>
   <datafield ind2=" " ind1=" " tag="720">
      <subfield code="a">Gracia Gimeno, Ma. Pilar</subfield>
      <subfield code="e">author</subfield>
   </datafield>
   <datafield ind2=" " ind1=" " tag="720">
      <subfield code="a">Fuster, Prudencio</subfield>
      <subfield code="e">author</subfield>
   </datafield>
   <datafield ind2=" " ind1=" " tag="720">
      <subfield code="a">Escribano, J.</subfield>
      <subfield code="e">author</subfield>
   </datafield>
   <datafield ind2=" " ind1=" " tag="720">
      <subfield code="a">Molina Cano, José Luis</subfield>
      <subfield code="e">author</subfield>
   </datafield>
   <datafield ind2=" " ind1=" " tag="720">
      <subfield code="a">Moralejo Vidal, Mª Angeles</subfield>
      <subfield code="e">author</subfield>
   </datafield>
   <datafield ind2=" " ind1=" " tag="720">
      <subfield code="a">Ciudad, Francisco J.</subfield>
      <subfield code="e">author</subfield>
   </datafield>
   <datafield ind2=" " ind1=" " tag="720">
      <subfield code="a">Thomas, William T. B.</subfield>
      <subfield code="e">author</subfield>
   </datafield>
   <datafield ind2=" " ind1=" " tag="720">
      <subfield code="a">Karsai, Ildikó</subfield>
      <subfield code="e">author</subfield>
   </datafield>
   <datafield ind2=" " ind1=" " tag="720">
      <subfield code="a">Casas Cendoya, Ana Maria</subfield>
      <subfield code="e">author</subfield>
   </datafield>
   <datafield ind2=" " ind1=" " tag="260">
      <subfield code="c">2018-11-08T10:21:40Z</subfield>
   </datafield>
   <datafield ind2=" " ind1=" " tag="260">
      <subfield code="c">2018-11-08T10:21:40Z</subfield>
   </datafield>
   <datafield ind2=" " ind1=" " tag="260">
      <subfield code="c">2015</subfield>
   </datafield>
   <datafield ind2=" " ind1=" " tag="520">
      <subfield code="a">This study is a retrospective analysis of an elite cross from the Spanish National Barley Breeding Program. This was the most successful cross produced in the breeding program in the past 20 years. The progeny from this cross has been investigated at two points in the program, before and after selection, through the analysis of allelic frequencies at a number of genetic loci with molecular markers. Shifts in allelic frequencies after selection allowed the identification of genomic regions with selection footprints likely due to the breeding process. The cross was replicated in three different years, and therefore, the three progenies represent different selection histories but, in all cases, were preferentially selected compared to the lines from other crosses used in the program. The progenies were sampled at two generations, before conscious selection (F2) and after six generations of selection (F8). The F2 plants were genotyped with microsatellites, whereas 31 F8 lines were surveyed for SNP and presence/absence variation polymorphisms using a genotyping-by-sequencing system (DArTseq). The DArTseq markers were aligned to the barley physical map, and, after curation, over 3,000 were still available for the analysis. Overall, 15 genomic regions in the F8 lines had allele frequencies beyond chosen thresholds, indicating selection, eight toward parent Orria and seven toward Plaisant. These selection footprints partially validated QTLs detected through classical linkage mapping in a RIL population of the same cross. These validated selection footprints convey useful information for barley breeding, either through marker-assisted selection or through genomic selection.</subfield>
   </datafield>
   <datafield ind2=" " ind1=" " tag="520">
      <subfield code="a">This work was supported by the Spanish Ministry of Science and Innovation (MICINN), who funded this work with the scholarship BES-2008-009623 (EM), and the projects AGL2010-21929, RTA03-028-C4, RTA2006-00020-C04 and RTA2009-00006-C04, and by Grant A06 from the Aragon Government. Genotype by sequencing was funded by DGA—Obra Social La Caixa (Grant Number GA-LC-059-2011). WTBT acknowledges funding by the Scottish Government’s Rural and Environment Science and Analytical Services Division.</subfield>
   </datafield>
   <datafield ind1="8" ind2=" " tag="024">
      <subfield code="a">http://hdl.handle.net/10459.1/65053</subfield>
   </datafield>
   <datafield tag="653" ind2=" " ind1=" ">
      <subfield code="a">Barley</subfield>
   </datafield>
   <datafield tag="653" ind2=" " ind1=" ">
      <subfield code="a">Breeding</subfield>
   </datafield>
   <datafield tag="653" ind2=" " ind1=" ">
      <subfield code="a">Selection footprint</subfield>
   </datafield>
   <datafield tag="653" ind2=" " ind1=" ">
      <subfield code="a">Barley Breeding Selection footprint Genotyping-by-sequencing</subfield>
   </datafield>
   <datafield ind2="0" ind1="0" tag="245">
      <subfield code="a">Selection footprints in barley breeding lines detected by combining genotyping-by-sequencing with reference genome information</subfield>
   </datafield>
</record></metadata></record></GetRecord></OAI-PMH>